| 000 | 01026nam a22002297a 4500 | ||
|---|---|---|---|
| 005 | 20100928110826.0 | ||
| 008 | 100928t xxu||||| |||| 00| 0 mar d | ||
| 010 | _aMAR-20317 | ||
| 020 |
_c100.00 _a9788177865936 |
||
| 035 | _aMR-12975 | ||
| 037 | _bDBAD / PUB | ||
| 040 |
_aDPL _bMR |
||
| 082 | _a634.655 | ||
| 100 |
_922134 _aकापसे,बी. एम. |
||
| 245 |
_aआंबा : _cबी एम कापसे _bलागवड ते निर्यात/ |
||
| 246 |
_aAmba: Lagwad te Niryat _bby B.M.Kapse |
||
| 260 |
_aऔरंगाबाद _bसाकेत प्रकाशन _c2010 |
||
| 270 |
_a115,म.गांधीनगर स्टेशनरोड _bऔरंगाबाद _e431005 |
||
| 300 |
_a104पृ _c21सेमी (अजिल्द) |
||
| 942 |
_2ddc _cMR _h634.655 _mकापसे |
||
| 999 |
_c47946 _d47946 |
||